Využitie nových organických polovodičov pre prvky organickej elektroniky
Guardado en:
| Autor principal: | |
|---|---|
| Otros Autores: | |
| Formato: | Manuscrito Libro |
| Lenguaje: | eslovaco |
| Publicado: |
2016
|
| Materias: | |
| Acceso en línea: | http://is.stuba.sk/zp/portal_zp.pl?podrobnosti=131027 |
| Etiquetas: |
Sin Etiquetas, Sea el primero en etiquetar este registro!
|
MARC
| LEADER | 00000ntm a22000003a 4500 | ||
|---|---|---|---|
| 001 | stuzp54433 | ||
| 003 | SK-STU | ||
| 005 | 20160721130837.8 | ||
| 007 | ta | ||
| 008 | 150427s2015----xo-----f-mn---000-0-slo-d | ||
| 040 | |a STU |b slo | ||
| 041 | 0 | |a slo | |
| 044 | |a xo | ||
| 100 | 1 | |a Novota, Miroslav |u 033000 |k Z4 |4 aut |U FEI Fakulta elektrotechniky a informatiky |T FEI Ústav elektroniky a fotoniky |X 64176 |U E030 |Y 549 |7 A000064176 | |
| 242 | 0 | 1 | |a Fabrication of organic light-emitting diodes (OLED) based on new materials |y eng |
| 245 | 1 | 0 | |a Využitie nových organických polovodičov pre prvky organickej elektroniky |
| 260 | |c 2016 | ||
| 300 | |a 45 s., |b DVD | ||
| 650 | 4 | |a Organická elektronika |2 slo | |
| 650 | 4 | |a OLED |2 slo | |
| 650 | 4 | |a charakterizácia organických materiálov |2 slo | |
| 650 | 4 | |a Organic electronics |2 eng | |
| 650 | 4 | |a OLED |2 eng | |
| 650 | 4 | |a characterization of organic semiconductors |2 eng | |
| 700 | 1 | |a Weis, Martin |u 033000 |k Z2 |4 ths |U FEI Fakulta elektrotechniky a informatiky |T FEI Ústav elektroniky a fotoniky |X 10243 |U E030 |Y 549 |7 A000010243 | |
| 856 | 4 | |u http://is.stuba.sk/zp/portal_zp.pl?podrobnosti=131027 | |
| 996 | |b 284EP11356 |c E*DIPL- 11356 |l EE33 |s P |a 0 |w stuzp54433_0001 | ||
| SQL | |a stuzp54433 |b DDP |c SLO |d Využitie nových organických polovodičov pre prvky organickej elektroniky |e 64176 |f Novota, Miroslav |g 033000 |h 10243 |i Weis, Martin |j 20160614 |k 1172 |l 03 |m http://is.stuba.sk/zp/portal_zp.pl?podrobnosti=131027 |n I-EN |o 5.2.13. elektronika | ||